000 00701nas a2200253 4500
001 BR2014004090
003 BR-BrBNA
005 20231205124213.0
007 ta
008 230509b bl.|||p| |||| 00| 00por d
040 _aBR-BrBNA
_bpor
_cBiblioteca Nacional de Agricultura
041 _a(Pt)
072 _aF01; F02
100 1 _aBackes, R.L.
100 1 _aHemp, S.
245 1 _aA boberania do feijão
650 _aFEIJÃO
650 _aSEMEADURA
650 _aARMAZENAMENTO
650 _aPRODUÇÃO
773 0 _tAgropecuária Catarinense (Brazil)
_xISSN 0103-0779
_g(Mar-Jun 2014), v. 27(1) p. 18-20
_wBR2014004090
909 _a202311
_bLúcia
_c55
_dLúcia Elande
942 _2AGRIS
_n0
_cANA
999 _c237845
_d237845